[Event "Tromsoe CC-ch"]
[Site "Tromsoe"]
[Date "2013.10.24"]
[Round "5"]
[White "Fagerjord, Erlend"]
[Black "Turov, Maxim"]
[Result "0-1"]
[WhiteElo "1463"]
[BlackElo "2552"]
[PlyCount "94"]
[EventDate "2013.09.19"]
[EventType "swiss"]
[EventRounds "9"]
[EventCountry "NOR"]
[SourceTitle "EXT 2024"]
[Source "ChessBase"]
[SourceDate "2023.10.10"]
[SourceVersion "1"]
[SourceVersionDate "2023.10.10"]
[SourceQuality "1"]

1. Nc3 d5 2. d4 Nf6 3. Nf3 Bf5 4. Bf4 e6 5. a3 c5 6. e3 Nc6 7. Be2 Be7 8. 0-0 0-0 9. Bg5 h6 10. Bxf6 Bxf6 11. Bd3 Bg4 12. h3 Bxf3 13. Qxf3 cxd4 14. Ne2 e5 15. e4 Ne7 16. g4 Bg5 17. Ng3 g6 18. Rae1 dxe4 19. Qxe4 Nc6 20. Kg2 Qd6 21. Rh1 Bf4 22. Ne2 f5 23. gxf5 gxf5 24. Bc4+ Kh7 25. Qd5 Qg6+ 26. Kf1 Bd2 27. Qd7+ Kh8 28. Rg1 Qf6 29. Rd1 Rad8 30. Qe6 Qxe6 31. Bxe6 Ba5 32. Ng3 Rd6 33. Bxf5 Rdf6 34. b4 Bd8 35. Rg2 Rxf5 36. Nxf5 Rxf5 37. Ke2 Bf6 38. Rdg1 Ne7 39. Rg3 Bg5 40. Rf3 Bf4 41. Rb3 Nd5 42. Kd3 Nc3 43. Rg2 Bg5 44. Kc4 b5+ 45. Kc5 e4+ 46. Kxd4 Rd5+ 47. Kxc3 Bf6# 0-1